000 00436nam a2200157Ia 4500
008 240729s9999 xx 000 0 und d
022 _a2521-0513
245 0 _aJournal CleanWAS
260 _aMalaysia
260 _bZibeline International
650 _a Environmental sciences
650 _aGeography. Anthropology. Recreation
856 _uhttps://doaj.org/toc/0a4e0a98d3fa44f7a0d19ca1b3b6497a
942 _2ddc
942 _cDOAJEJ
999 _c65960
_d65960
945 _a1
_bMadushi Gamage
_c1
_dMadushi Gamage